Statystyki dla Piłkarze ze złotymi kartami 90+ w FIFA 19 ultimate team

Kliknij tutaj aby rozwiązać quiz!

Ogólne statystyki

  • Ten quiz został rozwiązany 596 razy
  • Średni wynik to 12 z 17

Statystyki odpowiedzi

HintOdpowiedź% Poprawnych
94 Środkowy NapastnikLionel Messi
100%
94 NapastnikCristiano Ronaldo
100%
92 Lewy SkrzydłowyNeymar Jr
95%
91 Środkowy ObrońcaSergio Ramos
94%
90 NapastnikRobert Lewandowski
89%
91 Ofensywny PomocnikKevin De Bruyne
82%
91 BramkarzDavid De Gea
80%
91 Środkowy PomocnikLuka Modrić
80%
90 BramkarzManuel Neuer
79%
91 NapastnikLuis Suárez
75%
90 BramkarzJan Oblak
73%
91 Lewy SkrzydłowyEden Hazard
71%
90 BramkarzThibaut Courtois
51%
90 NapastnikHarry Kane
50%
90 Środkowy ObrońcaGiorgio Chiellini
45%
90 Środkowy ObrońcaDiego Godin
30%
90 Środkowy PomocnikToni Kross
28%

Rozkład punktacji

Percentyl według liczby udzielonych odpowiedzi

Procent ludzi z każdym wynikiem

Twoja historia wyników

Nie rozwiązałeś tego quizu